[Event "HUN-chT"]
[Site "HUN"]
[Date "1993.??.??"]
[Round "?"]
[White "Sziebert, Adam"]
[Black "Feher, Gyula"]
[Result "1-0"]
[WhiteElo "2335"]
[BlackElo "2385"]

1.e4 c5 2.Nf3 e6 3.d4 cxd4 4.Nxd4 Nc6 5.Nc3 d6 6.Be3 Nf6 7.f4 Be7 8.Qf3 O-O
9.O-O-O Qc7 10.Rg1 Nxd4 11.Rxd4 e5 12.Rd2 exf4 13.Bxf4 Be6 14.g4 Rac8 15.g5 Nd7
16.Bh3 Ne5 17.Bxe5 dxe5 18.g6 hxg6 19.Rxg6 Bxh3 20.Rxg7+ Kxg7 21.Qg3+ Kh7
22.Qxh3+ Kg6 23.Qf5+ Kh6 24.Qh3+ Kg6 25.Qf5+ Kh6 26.Nd5 Bg5 27.Nxc7 Rxc7
28.Qxe5 Rfc8 29.c3 Rc6 30.Kc2 Bxd2 31.Kxd2 R8c7 32.Qh8+ Kg5 33.Ke3 Re7 34.Kf3 Rh6
35.Qg8+ Rg6 36.Qb8 Rf6+ 37.Ke3 Rfe6 38.Qf4+ Kg6 39.c4 Re5 40.Kd4 f5 41.Qxe5  1-0

[Event "HUN-chT"]
[Site "HUN"]
[Date "1993.??.??"]
[Round "?"]
[White "Horvath, Andras"]
[Black "Balazs, Attila"]
[Result "1/2-1/2"]
[WhiteElo "2300"]
[BlackElo "2225"]

1.e4 c5 2.Nf3 e6 3.d4 cxd4 4.Nxd4 Nc6 5.Nc3 Qc7 6.Be2 a6 7.O-O Nf6 8.a3 Be7
9.Be3 O-O 10.f4 d6 11.Qe1 Nxd4 12.Bxd4 e5 13.fxe5 dxe5 14.Be3 Bc5 15.Bxc5 Qxc5+
16.Kh1 Kh8 17.Bd3 Be6 18.Qh4 Qe7 19.Qg5 Bd7 20.Rad1 h6 21.Qh4 Rad8 22.Rf2 Be6
23.Qg3 Qc7 24.Rxf6 gxf6 25.Qh4 Kg7 26.Rf1 Qe7 27.Qg3+ Kh8 28.Qh4 Kg7  1/2-1/2

[Event "HUN-chT"]
[Site "HUN"]
[Date "1993.??.??"]
[Round "?"]
[White "Siklosi, Zoltan"]
[Black "Szuk, Balazs"]
[Result "1/2-1/2"]
[WhiteElo "2415"]
[BlackElo "2310"]

1.e4 c5 2.Nf3 e6 3.Nc3 Nc6 4.d4 cxd4 5.Nxd4 Nf6 6.Ndb5 d6 7.Bf4 e5 8.Bg5 a6
9.Na3 b5 10.Bxf6 gxf6 11.Nd5 f5 12.Bd3 Be6 13.Qh5 Bg7 14.O-O f4 15.c4 bxc4
16.Bxc4 O-O 17.Rac1 Rb8 18.b3 Qd7 19.Rfd1 Kh8 20.Qh4 f5 21.Nxf4 exf4 22.Bxe6 Qxe6
23.Rxc6 fxe4 24.Rcxd6 Qe5 25.Nc4 Qc3 26.h3 Rbe8 27.Qg4 e3 28.fxe3 fxe3 29.Qe2 Rf2
30.Qd3 Rff8 31.Qe2 Rf2 32.Qe1 Rxa2 33.Qxc3 Bxc3 34.Rd8 Rxd8 35.Rxd8+ Kg7
36.Nxe3 Rb2 37.Rd7+ Kg8 38.Nd1  1/2-1/2

[Event "HUN-chT"]
[Site "HUN"]
[Date "1993.??.??"]
[Round "?"]
[White "Rigo, Janos"]
[Black "Boronyak, Arpad"]
[Result "1-0"]
[WhiteElo "2355"]
[BlackElo "2290"]

1.e4 c5 2.Nf3 e6 3.d4 cxd4 4.Nxd4 Nc6 5.Nc3 Qc7 6.Be2 Nf6 7.O-O Be7 8.Kh1 O-O
9.f4 d6 10.Be3 a6 11.Qe1 Bd7 12.Qg3 b5 13.e5 Ne8 14.Rad1 f6 15.exd6 Nxd6
16.f5 Nxd4 17.Rxd4 Rac8 18.fxe6 Bxe6 19.Bf4 Rfd8 20.Rfd1 b4 21.Bxa6 Ra8 22.Nb5 Qxc2
23.Qe1 Ne4 24.Rxd8+ Bxd8 25.Rd2 Qc6 26.Rd6 Nxd6 27.Qxe6+ Kh8 28.Nxd6  1-0

[Event "HUN-chT"]
[Site "HUN"]
[Date "1993.??.??"]
[Round "?"]
[White "Kun, Sandor"]
[Black "Balazs, Attila"]
[Result "1/2-1/2"]
[WhiteElo "2280"]
[BlackElo "2225"]

1.e4 c5 2.Nf3 Nc6 3.d4 cxd4 4.Nxd4 e6 5.Nc3 Qc7 6.g3 Nf6 7.Bg2 a6 8.O-O Be7
9.Re1 d6 10.Nxc6 bxc6 11.e5 dxe5 12.Rxe5 O-O 13.Re1 Rd8 14.Qf3 Bb7 15.Bf4 Bd6
16.Bg5 Be7 17.a3 Rd7 18.Rad1 Rad8 19.Bf4 Qb6 20.Rxd7 Rxd7 21.Bc1 c5 22.Qe3 Bxg2
23.Kxg2 Qb7+ 24.Qf3 h6 25.Qxb7 Rxb7 26.Rd1 Kf8 27.Kf3 Ke8 28.Ne4 Nxe4 29.Kxe4 f5+  1/2-1/2

[Event "HUN-chT"]
[Site "HUN"]
[Date "1993.??.??"]
[Round "?"]
[White "Forgacs, Gyula"]
[Black "Monda, Laszlo"]
[Result "1-0"]
[WhiteElo "2300"]
[BlackElo "2270"]

1.e4 c5 2.Nf3 e6 3.d4 cxd4 4.Nxd4 Nc6 5.Nc3 Qc7 6.Nxc6 dxc6 7.Bd3 e5 8.O-O Nf6
9.f4 Ng4 10.Qf3 exf4 11.Bxf4 Qb6+ 12.Kh1 Be6 13.e5 Qd4 14.Rae1 h5 15.Be4 Bc5
16.Bxc6+ Kf8 17.Bxb7 Nf2+ 18.Qxf2 Qxf2 19.Bxa8 Qh4 20.Ne4 Be7 21.h3 Bxh3
22.gxh3 Qxh3+ 23.Bh2 Bh4 24.Bd5 f5 25.Nf2 Bxf2 26.Rxf2 Ke7 27.Rg1 Rh7 28.Rg3 Qh4
29.Rxf5 Qd4 30.Rf7+ Ke8 31.Rd3 Qxb2 32.Rb7 Qc1+ 33.Bg1 Qg5 34.Bf7+ Kf8 35.Bc5+  1-0

[Event "HUN-chT"]
[Site "HUN"]
[Date "1993.??.??"]
[Round "?"]
[White "Horvath, Zoltan"]
[Black "Somogyi, Istvan"]
[Result "1/2-1/2"]
[WhiteElo "2345"]
[BlackElo "2295"]

1.e4 c5 2.Nf3 e6 3.d4 cxd4 4.Nxd4 Nc6 5.Nc3 Qc7 6.Be2 a6 7.O-O Nf6 8.Kh1 Be7
9.f4 d6 10.Be3 Bd7 11.Qe1 b5 12.Bf3 Rc8 13.Qg3 O-O 14.e5 dxe5 15.Nxc6 Bxc6
16.fxe5 Ne8 17.Ne4 f6 18.exf6 Qxg3 19.Nxg3 Nxf6 20.c3 Bd6 21.Bxc6 Rxc6 22.Ne2 b4
23.Nd4 Rc4 24.cxb4 Rxb4 25.b3 Rc8 26.Rad1 Be5 27.Nxe6 Bxh2 28.Bd4 Bb8 29.Bxf6 gxf6
30.Rxf6 Re4 31.Ng5 Re2 32.Rxa6 Bf4 33.Nh3 Be5 34.Ra7 Rec2 35.Ng5 Rd2 36.Rf1 Rf2
37.Rd1 Rd2 38.Rf1 Rf2 39.Rf7 Rxa2 40.Ne6 Ra1 41.Rf5 Rxf1+ 42.Rxf1 h6 43.Kg1 Re8
44.Nf4 Rb8  1/2-1/2

[Event "HUN-ch"]
[Site "HUN"]
[Date "1993.??.??"]
[Round "5"]
[White "Sax, Gyula"]
[Black "Horvath, Jozsef"]
[Result "1/2-1/2"]
[WhiteElo "2515"]
[BlackElo "2545"]

1.e4 c5 2.Nf3 e6 3.d4 cxd4 4.Nxd4 Nc6 5.Nc3 Qc7 6.f4 a6 7.Nxc6 bxc6 8.e5 d5
9.exd6 Bxd6 10.Qg4 f5 11.Qh5+ g6 12.Qf3 Nf6 13.Bc4 Kf7 14.O-O Bb7 15.Bd2 c5
16.Qh3 Bd5 17.Qd3 Qc6 18.Rae1 Rab8 19.Nxd5 exd5 20.Bc3 Rhe8 21.Bxf6 dxc4
22.Qc3 Rxe1 23.Rxe1 Re8 24.Rd1 Re4 25.Bh8 Ke8 26.Qd2 Be7 27.Be5 g5 28.Qf2 gxf4
29.Bxf4 Qe6 30.Kf1 c3 31.b3 c4 32.Qf3 cxb3 33.axb3 a5 34.g3 Bb4 35.Qd3 Kf7
36.Qb5 Kg6 37.Kf2 h5 38.h4 Be7 39.Qe8+ Qf7 40.Qc6+ Qe6 41.Qe8+ Qf7 42.Qxf7+ Kxf7
43.Rd5 a4 44.bxa4 Rxa4 45.Ke3 Re4+ 46.Kd3 Ke6 47.Rd4 Rxd4+ 48.Kxd4  1/2-1/2

[Event "Ikaria op"]
[Site "Ikaria"]
[Date "1993.??.??"]
[Round "2"]
[White "Marinkovic, Ivan"]
[Black "Mihevc, Narcisa"]
[Result "1-0"]
[WhiteElo "2445"]
[BlackElo "2135"]

1.e4 c5 2.Nc3 Nc6 3.Nge2 e6 4.d4 cxd4 5.Nxd4 Nf6 6.g3 Bb4 7.Bg2 d5 8.exd5 Nxd5
9.O-O Bxc3 10.Nxc6 bxc6 11.bxc3 O-O 12.c4 Nb4 13.a3 Na6 14.Bxc6 Rb8 15.Qxd8 Rxd8
16.Be3 Bd7 17.Bf3 Rb2 18.Rfd1 Rxc2 19.Rd6 Nb8 20.Bxa7  1-0

[Event "ITA-chT"]
[Site "ITA"]
[Date "1993.??.??"]
[Round "5"]
[White "Tatai, Stefano"]
[Black "Vancini, Edoardo"]
[Result "1-0"]
[WhiteElo "2440"]
[BlackElo "2285"]

1.e4 c5 2.Nf3 e6 3.d4 cxd4 4.Nxd4 Nc6 5.Nc3 Qc7 6.g3 a6 7.Bg2 d6 8.O-O Be7
9.Re1 Bd7 10.Nxc6 Bxc6 11.a4 Nf6 12.a5 b5 13.axb6 Qxb6 14.b3 Qc7 15.Qd3 Bb7
16.Ra4 Ng4 17.Bb2 h5 18.Qe2 Ne5 19.Nd1 Rh7 20.f4 Nd7 21.Ne3 Nc5 22.Rc4 a5
23.Qd2 Ba6 24.Rd4 Qb6 25.h4 Rh6 26.Kh2 Rg6 27.Nf5 Rd8 28.Nxe7 Kxe7 29.Bc3 Nb7
30.f5 Rh6 31.Ra4 Rc8 32.Bxg7 Rh7 33.Bf6+ Kf8 34.e5 d5 35.Rf4 Kg8 36.Rf2 Nc5  1-0

[Event "Jakarta Interzonal (Women)"]
[Site "Jakarta"]
[Date "1993.??.??"]
[Round "?"]
[White "Dabrowska, Krystyna"]
[Black "Maric, Alisa"]
[Result "1/2-1/2"]
[WhiteElo "2240"]
[BlackElo "2405"]

1.e4 c5 2.Nf3 e6 3.d4 cxd4 4.Nxd4 Nc6 5.Nc3 Qc7 6.g3 a6 7.Bg2 Nf6 8.O-O Nxd4
9.Qxd4 Bc5 10.Bf4 d6 11.Qd2 h6 12.Rad1 e5 13.Be3 Ke7 14.Kh1 Be6 15.Nd5+ Bxd5
16.exd5 Rhe8 17.b3 b5 18.c4 Kf8 19.Rc1 b4 20.Rfe1 a5 21.f4 Bxe3 22.Qxe3 a4
23.Qd2 exf4 24.Rxe8+ Rxe8 25.Qxb4 axb3 26.axb3 fxg3 27.hxg3 Re5 28.Bf3 g5
29.Qd2 Kg7 30.Qd4 Qe7 31.b4 Re1+ 32.Rxe1 Qxe1+ 33.Kg2 Qxb4 34.Bg4 Qe1 35.Bf5 Qc1
36.Bd3 Qd2+ 37.Kf3 Qd1+ 38.Kg2 Qd2+ 39.Kf3 Qd1+ 40.Kg2 Qd2+  1/2-1/2

[Event "Jakarta Interzonal (Women)"]
[Site "Jakarta"]
[Date "1993.??.??"]
[Round "?"]
[White "Thipsay, Bagyashree Sathe"]
[Black "Arakhamia, Ketevan"]
[Result "1/2-1/2"]
[WhiteElo "2175"]
[BlackElo "2440"]

1.e4 c5 2.Nf3 Nc6 3.d4 cxd4 4.Nxd4 e6 5.Nc3 d6 6.Be2 Nf6 7.O-O Be7 8.Be3 O-O
9.f4 Bd7 10.Nb3 Rc8 11.Kh1 a6 12.a4 Na5 13.e5 Ne8 14.Nxa5 Qxa5 15.Ne4 Qc7
16.exd6 Nxd6 17.Nxd6 Bxd6 18.Bd3 Bc6 19.Qe2 e5 20.Qf2 Bd5 21.fxe5 Bxe5 22.Bf4 g6
23.Bxe5 Qxe5 24.Qf6 Qh5 25.Rf4 Rfe8 26.Rh4 Qe5 27.Qxe5 Rxe5 28.Rf4 Kg7 29.Kg1 f5
30.Rd4 Rc7 31.c4 Bc6 32.a5 Rce7 33.Kf2 Be4 34.Bf1 Kf6 35.b4 Bc6 36.Bd3 Rd7
37.Rxd7 Bxd7 38.Rb1 Ke7 39.Rd1 Kd8 40.Be2 Kc7 41.Bf3 Be6 42.Rd4 g5 43.g3 h6
44.Rd2 Bf7 45.Re2 Rxe2+ 46.Bxe2 Kd6 47.Ke3 Ke5 48.b5 f4+ 49.gxf4+ gxf4+ 50.Kd3 Bg6+
51.Kc3 axb5 52.cxb5 Be4 53.b6 Bg2 54.a6 bxa6 55.Bxa6 Kd6 56.Kd4 Kc6 57.b7 Kc7
58.h4 Bxb7 59.Bxb7 Kxb7 60.Ke4 Kc6 61.Kxf4 Kd6 62.Kf5 Ke7  1/2-1/2

[Event "Jakarta Interzonal (Women)"]
[Site "Jakarta"]
[Date "1993.??.??"]
[Round "?"]
[White "Arakhamia, Ketevan"]
[Black "Maric, Alisa"]
[Result "1/2-1/2"]
[WhiteElo "2440"]
[BlackElo "2405"]

1.e4 c5 2.Nf3 e6 3.d4 cxd4 4.Nxd4 Nc6 5.Nc3 a6 6.Be2 Qc7 7.O-O Nf6 8.Be3 Be7
9.f4 d6 10.Qe1 O-O 11.Qg3 Nxd4 12.Bxd4 b5 13.a3 Bb7 14.Rae1 Bc6 15.Kh1 Qb7
16.Bd3 b4 17.axb4 Qxb4 18.Ne2 Qb7 19.Nc3 Qb4 20.Ne2  1/2-1/2

[Event "Jakarta Interzonal (Women)"]
[Site "Jakarta"]
[Date "1993.??.??"]
[Round "?"]
[White "Tverskaya, Julia"]
[Black "Sofieva, Ainur"]
[Result "0-1"]
[WhiteElo "2090"]
[BlackElo "2390"]

1.e4 c5 2.Nc3 e6 3.Nf3 Nc6 4.d4 cxd4 5.Nxd4 d6 6.Be2 Nf6 7.O-O Be7 8.Be3 O-O
9.f4 a6 10.Kh1 Bd7 11.Qe1 b5 12.Bf3 Rc8 13.Rd1 b4 14.Nce2 Qc7 15.Qg3 Nxd4
16.Nxd4 e5 17.fxe5 dxe5 18.Bg5 exd4 19.e5 Bb5 20.exf6 Qxg3 21.hxg3 Bxf6 22.Bxf6 Bxf1
23.Be7 Rfe8 24.Bxb4 Be2 25.Bxe2 Rxe2 26.Rxd4 Rexc2 27.Bc3 Re2 28.Rd7 h6 29.Kh2 Rc6
30.a4 Rg6 31.Rd8+ Kh7 32.Rd7 f5 33.Rf7 Rg5 34.Ra7 Re6 35.a5 Rd6 36.Kg1 Rxg3
37.Be5 Rd1+ 38.Kf2 Rg6 39.g3 Rd5 40.Bc3 h5 41.Re7 Kh6 42.b4 Kg5 43.Bxg7 Rd2+
44.Kf3 Rgd6 45.Re3 R2d3 46.Be5 Rxe3+ 47.Kxe3 Rd5 48.Bc7 Kg4 49.Bb8 Rd8 50.Bc7 Rd7
51.Bb8 h4 52.gxh4 f4+ 53.Kf2 Rd2+ 54.Ke1 Rb2 55.Bd6 f3 56.Kf1 Kxh4 57.Bc5 Kg4
58.Bd6 Rd2 59.Be5 Rd5 60.Bc7 Rd4  0-1

[Event "Jakarta zt"]
[Site "Jakarta"]
[Date "1993.??.??"]
[Round "1"]
[White "Johansen, Darryl K"]
[Black "Nishimura, Hiroyuki"]
[Result "1-0"]
[WhiteElo "2500"]
[BlackElo "2325"]

1.e4 c5 2.Nc3 Nc6 3.Nf3 e6 4.d4 cxd4 5.Nxd4 Qc7 6.g3 Bb4 7.Bg2 a6 8.O-O Nge7
9.Nxc6 Nxc6 10.Bf4 Ne5 11.Na4 Be7 12.Qd4 d6 13.c4 Bf6 14.Qb6 Bd8 15.Qd4 Bf6
16.Qb6 Bd8 17.c5 Qxb6 18.Nxb6 Bxb6 19.cxb6 Bd7 20.Rfd1 Ke7 21.Rd4 Rhd8 22.Rad1 Be8
23.b3 Rac8 24.a4 f6 25.Bc1 Bh5 26.Re1 Rc2 27.h3 Nf3+ 28.Bxf3 Bxf3 29.Ba3 a5
30.Rd3 Ra2 31.Rxf3 Rxa3 32.Rc1 Rd7 33.Rd3 d5 34.exd5 exd5 35.Rc5 Rd6 36.Rc7+ Rd7
37.Rxd5 Rxc7 38.bxc7 Ra1+ 39.Kg2 Rc1 40.Rxa5 Kd6 41.Rh5 h6 42.Rb5 Kxc7 43.h4 Kc6
44.Kf3 h5 45.Rxh5 Rc3+ 46.Kg4 Rxb3 47.Rh7 Rb4+ 48.f4 Rxa4 49.Rxg7 b5 50.Rg6 b4
51.Rxf6+ Kc5 52.Rf8 b3 53.Rc8+ Kd4 54.Rb8 Kc3 55.h5 b2 56.h6 Ra8 57.Rxb2 Kxb2
58.f5 Rh8 59.Kh5 Kc3 60.f6 Kd4 61.f7 Ke5 62.Kg6  1-0

[Event "Jyvaskyla op"]
[Site "Jyvaskyla"]
[Date "1993.??.??"]
[Round "7"]
[White "Sepp, Olav"]
[Black "Norri, Joose"]
[Result "1-0"]
[WhiteElo "2380"]
[BlackElo "2405"]

1.e4 c5 2.Nf3 e6 3.d4 cxd4 4.Nxd4 Nc6 5.Nc3 a6 6.g3 Nge7 7.Be3 Nxd4 8.Qxd4 b5
9.a4 Nc6 10.Qb6 Qxb6 11.Bxb6 b4 12.Nb1 Bb7 13.Nd2 Rc8 14.f4 d5 15.Bd3 Nb8
16.e5 Nd7 17.Bd4 f6 18.Nb3 Rc7 19.O-O Be7 20.Rae1 f5 21.Kf2 g5 22.Ke3 h5
23.Rg1 Kf7 24.Bxf5 h4 25.Bd3 hxg3 26.hxg3 gxf4+ 27.gxf4 Rh3+ 28.Kd2 Nc5 29.Nxc5 Bxc5
30.Bxc5 Rxc5 31.Rh1 Rxh1 32.Rxh1 Bc8 33.Ke3 Bd7 34.Rh7+ Ke8 35.b3 Kd8 36.Kd4 Rc7
37.Rh8+ Ke7 38.Rb8 Bc8 39.Rxb4  1-0

[Event "Katerini GP"]
[Site "Katerini"]
[Date "1993.??.??"]
[Round "?"]
[White "Mastoras, Ilias"]
[Black "Demirel, Tolga"]
[Result "1/2-1/2"]
[WhiteElo "2240"]
[BlackElo "2310"]

1.e4 c5 2.Nc3 Nc6 3.Nge2 e6 4.d4 cxd4 5.Nxd4 Qc7 6.g3 Nf6 7.Bg2 a6 8.O-O Nxd4
9.Qxd4 Bc5 10.Qd1 Be7 11.Ne2 Rb8 12.Re1 d6 13.b3 b5 14.Bb2 O-O 15.Qd2 Bb7
16.Nf4 Rfd8 17.Ba3 d5 18.Bxe7 Qxe7 19.exd5 Qc7 20.Rac1 Nxd5 21.Nxd5 Bxd5
22.Bxd5 Rxd5 23.Qe2  1/2-1/2

[Event "Katerini GP"]
[Site "Katerini"]
[Date "1993.??.??"]
[Round "7"]
[White "Vouldis, Angelos"]
[Black "Rajkovic, Dusan"]
[Result "0-1"]
[WhiteElo "2285"]
[BlackElo "2455"]

1.e4 c5 2.Nf3 e6 3.Nc3 Nc6 4.d4 cxd4 5.Nxd4 Qc7 6.Be2 a6 7.O-O Nf6 8.Kh1 Be7
9.f4 d6 10.Be3 O-O 11.a4 Re8 12.Bd3 Nb4 13.Qf3 b6 14.Qg3 Bf8 15.e5 Nfd5 16.Nxd5 Nxd5
17.Nf3 Nxe3 18.Bxh7+ Kxh7 19.Ng5+ Kg8 20.f5 Be7 21.Nxf7 Nxf5 22.Qg6 Rf8 23.Rxf5 exf5
24.Nh6+ Kh8 25.Qh5 g6 26.Qxg6 dxe5 27.Qh5 Kg7 28.b4 Qd6 29.Ra3  0-1

[Event "Katerini GP"]
[Site "Katerini"]
[Date "1993.??.??"]
[Round "8"]
[White "Kotronias, Vasilios"]
[Black "Saltaev, Mihail"]
[Result "0-1"]
[WhiteElo "2590"]
[BlackElo "2450"]

1.e4 c5 2.Nf3 e6 3.d4 cxd4 4.Nxd4 Nc6 5.Nc3 Qc7 6.Be2 a6 7.O-O Nf6 8.Be3 Be7
9.f4 d6 10.Qe1 O-O 11.Qg3 Bd7 12.Rae1 b5 13.a3 Nxd4 14.Bxd4 Bc6 15.Kh1 Qb7
16.Bd3 Rad8 17.Qh3 g6 18.f5 e5 19.Be3 d5 20.exd5 Bxd5 21.Nxd5 Qxd5 22.Bg5 Rd6
23.Qh4 Bd8 24.fxg6 fxg6 25.Rd1 Qc6 26.Qg3 Re8 27.Bh6 Kh8 28.Rde1 Rde6 29.c3 e4
30.Bc2 Qd5 31.Rd1 Qc4 32.Be3 Bb6 33.Bxb6 Rxb6 34.Rfe1 Rbe6 35.Qe3 Ng4 36.Qd4+ Qxd4
37.Rxd4 Nf2+ 38.Kg1 e3 39.Kf1 Kg7 40.Ke2 h5 41.h3 R8e7 42.Bb3 Rf6 43.Bd5 g5
44.Bf3 Kh6 45.Ra1 g4 46.hxg4 hxg4 47.Bd5 Kg5 48.Rg1 Rh6 49.c4 bxc4 50.Bxc4 Rc6
51.b3 Kh4 52.Rc1 a5 53.Rc3 Ne4 54.Rc1 Ng3+ 55.Kd3 e2 56.Re1 Rf6 57.Kd2 Rf2
58.Bd5 Nf1+ 59.Kd3 Re3+ 60.Kc2 Kg3 61.Bc6 Rf6 62.Bb5 Kf2 63.Rxe2+ Rxe2+ 64.Bxe2 Kxe2
65.b4 axb4 66.axb4  0-1

[Event "Katowice op"]
[Site "Katowice"]
[Date "1993.??.??"]
[Round "1"]
[White "Shtyrenkov, Veniamen"]
[Black "Sikora Gizynska, Bozena"]
[Result "1-0"]
[WhiteElo "2465"]
[BlackElo "2180"]

1.e4 c5 2.Nf3 e6 3.d4 cxd4 4.Nxd4 Nc6 5.Nc3 Qc7 6.g3 a6 7.Bg2 Nf6 8.O-O Be7
9.Re1 d6 10.Nxc6 bxc6 11.e5 dxe5 12.Rxe5 O-O 13.Bf4 Bd6 14.Rxe6 Bxe6 15.Bxd6 Qb7
16.Bxf8 Rxf8 17.b3 Qc8 18.Ne4 Nxe4 19.Bxe4 f5 20.Bd3 f4 21.Qh5 Bf5 22.Bxf5 Rxf5
23.Qe2 f3 24.Qc4+ Kh8 25.Re1 h6 26.Qg4 Qf8 27.Qg6 Rd5 28.h4 Rd8 29.Qxc6 a5
30.Re3  1-0

[Event "Katowice op"]
[Site "Katowice"]
[Date "1993.??.??"]
[Round "3"]
[White "Mnatsakanian, Eduard A"]
[Black "Fominyh, Alexander"]
[Result "0-1"]
[WhiteElo "2405"]
[BlackElo "2505"]

1.e4 c5 2.Nf3 Nc6 3.d4 cxd4 4.Nxd4 e6 5.Nc3 Qc7 6.g3 a6 7.Bg2 Nf6 8.O-O Nxd4
9.Qxd4 Bc5 10.Bf4 d6 11.Qd3 Nd7 12.Na4 e5 13.Bd2 b5 14.Nc3 Nb6 15.a4 bxa4
16.Nxa4 Nxa4 17.Rxa4 O-O 18.b4 Bb6 19.b5 Qb7 20.bxa6 Rxa6 21.Rxa6 Qxa6 22.Qxa6 Bxa6
23.Ra1 Bc4 24.Bb4 Rd8 25.Rd1 Bc7 26.Bf1 Be6 27.c4 Kf8 28.Bg2 Rb8 29.Be1 Bxc4
30.Rc1 Ba6 31.Bf1 Bxf1 32.Kxf1 Rb7 33.Bd2 Ke7 34.Be3 Ke6 35.g4 g6 36.Ra1 Rb4
37.Rc1 Bd8 38.f3 Rb3  0-1

[Event "Katowice op"]
[Site "Katowice"]
[Date "1993.??.??"]
[Round "4"]
[White "Klovans, Janis"]
[Black "Brodsky, Michail"]
[Result "1/2-1/2"]
[WhiteElo "2440"]
[BlackElo "2520"]

1.e4 c5 2.Nf3 e6 3.d4 cxd4 4.Nxd4 Nc6 5.Nc3 Qc7 6.Be3 a6 7.Bd3 Nf6 8.O-O Be7
9.Na4 O-O 10.Nxc6 bxc6 11.Nb6 Rb8 12.Nxc8 Rfxc8 13.b3 a5 14.Qf3 d5 15.Rad1 Bd6
16.g3 a4 17.Rfe1 Ra8 18.Bd4 Nd7 19.Qh5 g6 20.Qh6 Bf8 21.Qh4 axb3 22.axb3 c5
23.Bc3 d4 24.Bd2 Ne5 25.Be2 c4 26.bxc4 Ra2 27.Bf4 Rxc2 28.Qf6 Bg7 29.Bxe5 Qxe5
30.Qxe5 Bxe5 31.Bd3 Rc3 32.Kf1 Bd6 33.Re2 Rb8 34.Ra2 h5 35.h4 Ba3 36.Ke2 e5
37.Rb1 Rxb1 38.Bxb1 Kf8 39.Bd3 Ke7  1/2-1/2

[Event "Katowice op"]
[Site "Katowice"]
[Date "1993.??.??"]
[Round "5"]
[White "Mainka, Romuald"]
[Black "Bashkov, Viacheslav"]
[Result "1/2-1/2"]
[WhiteElo "2515"]
[BlackElo "2450"]

1.e4 c5 2.Nf3 e6 3.d4 cxd4 4.Nxd4 Nc6 5.Nc3 a6 6.Be3 Nf6 7.Bd3 d5 8.exd5 exd5
9.O-O Bd6 10.Be2 h6 11.Bf3 O-O 12.Nb3 Be5 13.Nxd5 Nxd5 14.Bxd5 Bxb2 15.Rb1 Be5
16.Nc5 Qc7 17.f4 Bf6 18.Ne4 Qd8 19.c4 Bf5 20.Nxf6+ Qxf6 21.Rxb7 Rab8 22.Rxb8 Rxb8
23.Qa4 Nb4 24.Ba7 Nxd5 25.cxd5 Rb5 26.Rd1 Qg6 27.Qd4 Be4 28.Qf2 Bxd5 29.a4 Ra5
30.h3 Qc6 31.Qb6 Rxa4 32.Qd8+ Kh7 33.Qxd5 Qxd5 34.Rxd5 Rxf4 35.Bb6 Rf6 36.Bd8 Rc6
37.Rd7 Kg6 38.Rb7 f6 39.Be7 Kh5 40.Kh2 f5 41.Rd7 f4  1/2-1/2

[Event "Katowice op"]
[Site "Katowice"]
[Date "1993.??.??"]
[Round "7"]
[White "Maciejewski, Andrzej"]
[Black "Bashkov, Viacheslav"]
[Result "1-0"]
[WhiteElo "2375"]
[BlackElo "2450"]

1.e4 c5 2.Nf3 e6 3.d4 cxd4 4.Nxd4 Nc6 5.Nc3 a6 6.Be2 Qc7 7.O-O Nf6 8.Be3 Be7
9.f4 d6 10.a4 O-O 11.Kh1 Re8 12.Bd3 Nxd4 13.Bxd4 e5 14.Bg1 exf4 15.Rxf4 d5
16.Qf3 dxe4 17.Nxe4 Be6 18.Nxf6+ Bxf6 19.Rxf6 gxf6 20.Qxf6 Qe7 21.Qh6 f5
22.Re1 Qf7 23.Re3 f4 24.Re5 Rad8 25.Bxh7+  1-0

[Event "Katowice op"]
[Site "Katowice"]
[Date "1993.??.??"]
[Round "7"]
[White "Mnatsakanian, Eduard A"]
[Black "Sikora Gizynska, Bozena"]
[Result "1/2-1/2"]
[WhiteElo "2405"]
[BlackElo "2180"]

1.e4 c5 2.Nf3 e6 3.d4 cxd4 4.Nxd4 Nc6 5.Nc3 Qc7 6.g3 a6 7.Bg2 Nf6 8.O-O Be7
9.Be3 Ne5 10.h3 O-O 11.Kh2 Rb8 12.a4 b6 13.f4 Nc4 14.Bc1 Bb7 15.Qe2 Na5 16.e5 Bxg2
17.Qxg2 Ne8 18.Nce2 Nc6 19.Nxc6 Qxc6 20.Qxc6 dxc6 21.Rd1 Bc5 22.c3 a5 23.Rb1 b5
24.axb5 cxb5 25.b4 axb4 26.cxb4 Bb6 27.Nc3 Nc7 28.Bb2 Rfd8 29.Rd6 Ne8 30.Rxd8 Bxd8
31.Ne4 Bb6 32.Rd1 Ra8 33.Nc3 Nc7 34.Rd6 Rb8 35.Kg2 Kf8 36.Kf3 Ke7 37.Ke2 Ne8
38.Rd1 Nc7 39.Rd6 Ne8 40.Rd1 Nc7 41.Bc1 Rd8 42.Rxd8 Kxd8  1/2-1/2

[Event "Katowice op"]
[Site "Katowice"]
[Date "1993.??.??"]
[Round "9"]
[White "Lukin, Andrei M"]
[Black "Fominyh, Alexander"]
[Result "1/2-1/2"]
[WhiteElo "2445"]
[BlackElo "2505"]

1.e4 c5 2.Nf3 e6 3.d4 cxd4 4.Nxd4 Nc6 5.Nc3 Qc7 6.Be2 a6 7.f4 b5 8.Nxc6 Qxc6
9.Bf3 Bb7 10.Be3 Rc8 11.Qd4 Qc5 12.O-O-O Qxd4 13.Rxd4 Ne7 14.Rhd1 Bc6 15.a3 h6
16.R4d3 Rg8 17.h4 Rb8 18.Bd2 Nc8 19.e5 Bxf3 20.Rxf3 Nb6 21.Rd3 f5 22.Be3 Nc4
23.Bf2 Rb7 24.h5 g6 25.hxg6 Rxg6 26.g3 Be7 27.a4 b4 28.Ne2 h5 29.b3 Na5 30.Rh1 Rh6
31.Nd4 Rc7 32.Be1 Nb7 33.Kb2 Kf7 34.Nf3 Rh8 35.Rd4 a5 36.Rd2 Nc5 37.Rdh2 Kg6
38.Nd2 Rhc8 39.Nc4 Nxa4+ 40.Kc1 Rxc4 41.bxc4 h4 42.Rd2 Rxc4 43.Rxd7 b3 44.Rxe7 Rxc2+
45.Kb1 Rb2+  1/2-1/2

[Event "GER-FRA"]
[Site "Kaufbeuren"]
[Date "1993.??.??"]
[Round "1"]
[White "Apicella, Manuel"]
[Black "Schlosser, Philipp"]
[Result "1/2-1/2"]
[WhiteElo "2475"]
[BlackElo "2550"]

1.e4 c5 2.Nf3 e6 3.d4 cxd4 4.Nxd4 Nc6 5.Nc3 Qc7 6.Be2 a6 7.O-O Nf6 8.Be3 Bb4
9.Na4 Be7 10.Nxc6 bxc6 11.Nb6 Rb8 12.Nxc8 Qxc8 13.e5 Nd5 14.Bc1 Bc5 15.c4 Ne7
16.b3 Qc7 17.Bb2 O-O 18.Bd3 a5 19.Qh5 g6 20.Qh6 a4 21.Bc2 axb3 22.axb3 Nf5
23.Bxf5 Rxb3 24.Rab1 Rfb8 25.Ba1 Bf8 26.Qd2 exf5 27.Rbd1 R8b7 28.Qg5 Ba3  1/2-1/2

[Event "Komotini GP"]
[Site "Komotini"]
[Date "1993.??.??"]
[Round "2"]
[White "Georgiev, Kiril"]
[Black "Umanskaya, Irina"]
[Result "0-1"]
[WhiteElo "2660"]
[BlackElo "2305"]

1.e4 c5 2.Nc3 Nc6 3.Nge2 e6 4.d4 cxd4 5.Nxd4 Qc7 6.g3 a6 7.Bg2 Nf6 8.O-O Be7
9.Re1 O-O 10.Nxc6 dxc6 11.e5 Rd8 12.Qf3 Nd5 13.h4 Nxc3 14.Qxc3 Bd7 15.Bg5 Be8
16.b4 a5 17.a3 axb4 18.axb4 Rxa1 19.Rxa1 Bxg5 20.hxg5 Qb6 21.Bf1 Qd4 22.Qxd4 Rxd4
23.Ra8 Kf8 24.c4 Ke7 25.Rb8 b5 26.cxb5 Rxb4 27.b6 Rb1 28.f4 c5 29.Kf2 Bc6
30.Ba6 g6 31.Ke3 Bd5 32.b7 Rb6 33.Kd2 Kd7 34.Rf8 Bxb7 35.Rxf7+ Ke8 36.Rxb7 Rxa6
37.Rxh7 Ra2+ 38.Kd3 Kf8  0-1

[Event "Komotini GP"]
[Site "Komotini"]
[Date "1993.??.??"]
[Round "4"]
[White "Thorhallsson, Throstur"]
[Black "Karapanos, Nikolaos"]
[Result "1-0"]
[WhiteElo "2440"]
[BlackElo "2215"]

1.e4 c5 2.Nf3 e6 3.d4 cxd4 4.Nxd4 Nc6 5.Nc3 d6 6.Bc4 Qb6 7.Ndb5 Qd8 8.Be3 a6
9.Nd4 Nf6 10.Qe2 Nxd4 11.Bxd4 b5 12.Bb3 Bd7 13.O-O-O Qa5 14.e5 dxe5 15.Bxe5 Be7
16.Qf3 Rc8 17.Qb7 O-O 18.Rxd7 Nxd7 19.Qxd7 b4 20.Nd5 Bg5+ 21.f4 exd5 22.fxg5 Qc5
23.Bf4 Qf2 24.Bd2 Rfd8 25.Qg4 a5 26.Qf3 Qa7 27.Ba4 d4 28.Qd3 b3 29.axb3 Rc5
30.Kb1 Qc7 31.h4 Rc8 32.Rc1 Qe5 33.Re1 Qd6 34.Bb5 g6 35.Bc4 Rd8 36.Rf1 Rd7
37.h5 gxh5 38.Rf6 Qe5 39.Rh6 Qf5 40.Qe2 Re5 41.Qxh5 d3 42.cxd3 Rxd3 43.Rf6 Rxd2+
44.Rxf5 Rxf5 45.Qh2 Rxg5 46.Qf4  1-0

[Event "Komotini GP"]
[Site "Komotini"]
[Date "1993.??.??"]
[Round "5"]
[White "Brustman, Agnieszka"]
[Black "Rajkovic, Dusan"]
[Result "0-1"]
[WhiteElo "2280"]
[BlackElo "2455"]

1.e4 c5 2.Nf3 e6 3.d4 cxd4 4.Nxd4 Nc6 5.Nc3 Qc7 6.Be2 a6 7.O-O Nf6 8.Kh1 Be7
9.f4 d6 10.Be3 O-O 11.Qe1 Nxd4 12.Bxd4 b5 13.e5 Ne8 14.Bd3 Bb7 15.Qg3 g6
16.Ne4 Bxe4 17.Bxe4 Rd8 18.Bd3 dxe5 19.Bxe5 Bd6 20.Rae1 Ng7 21.Qg5 Bxe5 22.fxe5 Rd5
23.Rf3 f5 24.Qe3 Qc5 25.Qe2 Rfd8 26.Rf4 Nh5 27.Rh4 Rd4 28.Qe3 R8d5 29.Rxd4 Qxd4
30.Qxd4 Rxd4 31.g3 Ng7 32.Ra1 Ne8 33.a4 bxa4 34.Bxa6 Nc7 35.c3 Re4 36.Bd3 Rxe5
37.Rxa4 Re1+ 38.Kg2 Rd1 39.Rd4 Rd2+ 40.Kf3 Kf8 41.Rd7 Ne8 42.b4 Nf6 43.Ke3 Rxh2
44.Ra7 e5 45.Bf1 Rb2 46.b5 Ng4+ 47.Kd3 Rxb5 48.Rxh7 Rd5+ 49.Ke2 Nf6 50.Ra7 Ne4
51.c4 Rd4 52.Kf3 Nd2+ 53.Kf2 Nxf1 54.Kxf1 Rxc4 55.Kf2 Rc6 56.g4 Re6 57.gxf5 gxf5
58.Kg3 Re7 59.Ra6 Rg7+ 60.Kf3 Kf7 61.Ra5 Kf6 62.Ra6+ Kg5 63.Re6 e4+ 64.Ke3 Ra7
65.Re8 Ra3+ 66.Ke2 Kf4 67.Rb8 Ra2+ 68.Ke1 Kf3 69.Rb1  0-1

[Event "Komotini GP"]
[Site "Komotini"]
[Date "1993.??.??"]
[Round "7"]
[White "Ghinda, Mihail Viorel"]
[Black "Haritakis, Theodoros"]
[Result "0-1"]
[WhiteElo "2455"]
[BlackElo "2265"]

1.e4 c5 2.Nf3 e6 3.Nc3 Nc6 4.d4 cxd4 5.Nxd4 Nf6 6.Nxc6 bxc6 7.e5 Nd5 8.Ne4 Qc7
9.f4 Qa5+ 10.Qd2 Qb6 11.a3 f5 12.exf6 Nxf6 13.Nxf6+ gxf6 14.Qc3 Be7 15.Be3 c5
16.Be2 h5 17.Qd3 Kf7 18.O-O c4 19.Qc3 Bc5 20.Bxc5 Qxc5+ 21.Kh1 Bb7 22.f5 e5
23.Qxc4+ Qxc4 24.Bxc4+ d5 25.Rad1 Rad8 26.Bb3 Ke7 27.Rf2 d4 28.Rfd2 h4 29.h3 Rh5
30.Be6 Rg5 31.c3 Bc6 32.cxd4 Rxd4 33.Rxd4 exd4 34.Rd2 Rg3 35.Kg1 d3 36.b4 Kd6
37.Bc4 Be4 38.a4 Ke5 39.Kf2 Kd4 40.Ba6 Rxg2+ 41.Ke1 Rg1+ 42.Kf2 Rh1 43.a5 Kc3
44.Ke3 Re1+  0-1